Copperbelt University Medical Trust: annual report : submitted to the 17th annual general meeting : 2009 (Record no. 62497)

MARC details
000 -LEADER
fixed length control field 00789nam a2200217 a 4500
003 - CONTROL NUMBER IDENTIFIER
control field CBULib
005 - DATE AND TIME OF LATEST TRANSACTION
control field 20250714110805.0
008 - FIXED-LENGTH DATA ELEMENTS--GENERAL INFORMATION
fixed length control field 100512s2009 ||||||||||||||||| || u
040 ## - CATALOGING SOURCE
Original cataloging agency CBULib
Language of cataloging English
Transcribing agency CBULib
Description conventions rda
041 ## - LANGUAGE CODE
Language code of text/sound track or separate title eng
050 ## - LIBRARY OF CONGRESS CALL NUMBER
Classification number CBU(058)MT/2009
110 ## - MAIN ENTRY--CORPORATE NAME
Corporate name or jurisdiction name as entry element The Copperbelt University(CBU)
245 10 - TITLE STATEMENT
Title Copperbelt University Medical Trust: annual report : submitted to the 17th annual general meeting : 2009
Statement of responsibility, etc / by The Copperbelt University(CBU)
260 ## - PUBLICATION, DISTRIBUTION, ETC. (IMPRINT)
Place of publication, distribution, etc Kitwe :
Name of publisher, distributor, etc Copperbelt University Medical Trust (CBUMT),
Date of publication, distribution, etc 2009.
300 ## - PHYSICAL DESCRIPTION
Extent 38 pages : illustrations
336 ## - CONTENT TYPE
Source rdacontent
Content type term Text |
Content type code txt
337 ## - MEDIA TYPE
Source rdamedia
Media type term Unmediated |
Media type code n
338 ## - CARRIER TYPE
Source rdacarrier
Carrier type term Volume
Carrier type code nc
650 ## - SUBJECT ADDED ENTRY--TOPICAL TERM
Topical term or geographic name as entry element COPPERBELT UNIVERSITY MEDICAL TRUST--ANNUAL REPORT
942 ## - ADDED ENTRY ELEMENTS (KOHA)
Source of classification or shelving scheme
Koha item type UNIVERSITY COLLECTION
Holdings
Withdrawn status Lost status Source of classification or shelving scheme Damaged status Not for loan Collection code Permanent Location Current Location Shelving location Date acquired Source of acquisition Full call number Barcode Date last seen Copy number Price effective from Koha item type
          Special Collections CBU-MAIN LIBRARY, KITWE. CBU-MAIN LIBRARY, KITWE. Special Collections 12/13/2022 DEP-CBU CBU(058)MT/2009A 03006618 12/13/2022 1 12/13/2022 UNIVERSITY COLLECTION
          Special Collections CBU-MAIN LIBRARY, KITWE. CBU-MAIN LIBRARY, KITWE. Special Collections 12/13/2022 DEP-CBU CBU(058)MT/2009C B937 12/13/2022 3 12/13/2022 UNIVERSITY COLLECTION
          Special Collections CBU-MAIN LIBRARY, KITWE. CBU-MAIN LIBRARY, KITWE. Special Collections 12/13/2022 DEP-CBU CBU(058)MT/2009B 03006619 12/13/2022 2 12/13/2022 UNIVERSITY COLLECTION
          Special Collections CBU-MAIN LIBRARY, KITWE. CBU-MAIN LIBRARY, KITWE. Special Collections 12/13/2022 DEP-CBU CBU(058)MT/2009D B1099 12/13/2022 4 12/13/2022 UNIVERSITY COLLECTION